Vám, moji najmilší myšlienky Jána Pavla II.

Bibliographic Details
Corporate Author: Katolícka cirkev. Pápež (1978-2005 : Ján Pavol II.) (Author)
Other Authors: Gavenda, Marián, 1963- (Translator)
Format: Book
Language:Slovak
PhysicalDescription:77 s. 19 cm
Published: Bratislava Lúč 1998
ISBN:8071142476
Series:Viera - nádej - láska
Subjects:

MARC

LEADER 00000cam a2200000 a 4500
001 vtls001353855
003 SK-MaSNL
005 20260301164412.0
008 240226s1998 xo r 000 0 slo
015 |a SNBA1999/04-01362 
020 |a 8071142476 
035 |a SNK000307279 
035 |a urn:nbn:sk:snk-amjcgo 
035 |a urn:nbn:sk:snk-am002er4 
035 |a 537FC1D9-4BE7-4512-9531-881407082181 
040 |a SNK  |b slo  |c SNK  |e AACR2 
041 0 |a slo 
044 |a xo  |c SK 
080 |a 850-84  |2 1981 
080 |a 262.13  |2 1981 
110 2 |a Katolícka cirkev.  |b Pápež (1978-2005 : Ján Pavol II.)  |4 aut  |9 114944 
245 1 0 |a Vám, moji najmilší  |b myšlienky Jána Pavla II.  |c [myšlienky z prejavov Jána Pavla II. vybral a preložil Marián Gavenda] 
260 |a Bratislava  |b Lúč  |c 1998 
300 |a 77 s.  |c 19 cm 
490 1 |a Viera - nádej - láska 
500 |a Údaj o prekl. prevzatý z rubu tit. strany 
600 0 |a Ján Pavol  |b II.,  |c pápež,  |d 1920-2005  |2 SNK  |9 106999 
655 7 |a príručky  |2 SNK  |9 74364 
700 1 |a Gavenda, Marián,  |d 1963-  |4 trl  |9 101916 
830 0 |a Viera - nádej - láska  |9 301502 
919 |a 80-7114-247-6 
958 |a TL 
958 |a OP 
958 |a NT 
958 |a NS 
968 |b IT 
999 |c 820481  |d 822411 
952 |t P60, <09>, [BOOK], {629}  |a SNK  |b SNK  |y NEVYP  |7 0  |o snkD 40  |i snk157/990203  |0 0  |1 0  |4 0  |d 1999-02-02  |l 0  |r 2005-01-02 00:00:00  |w 2026-02-24 
952 |t P60, <03>, [BOOK], {603}  |a SNK  |b SNK  |y PREZ  |7 0  |p 17A0179091  |o snkSD 69838  |i snkKSP 938/99  |0 0  |1 0  |4 0  |d 1999-02-02  |l 0  |r 2005-01-02 00:00:00  |w 2026-02-24 
952 |t P60, <04>, [BOOK], {604}  |a SNK  |b SNK  |y VYP  |7 0  |p 17A0179092  |o snkSD 69838 D1  |i snkKSP 939/99  |0 0  |1 0  |4 0  |d 1999-02-02  |f 1  |l 0  |r 2005-01-02 00:00:00  |w 2026-02-24